000 01174cam a22003377a 4500
003 CHAP
005 20220329141857.0
008 980326d1995 mx a r 00010 spa d
010 _a75168
011 _a76140
035 _a85717
040 _cCHAP
090 _aFolleto 14534
100 0 0 _aSosa Maldonado, Lucino.
_9108811
245 1 3 _aEl cultivo de café orgánico en México
_c/por Lucino Sosa Maldonado y Jaime González Valencia
260 _aChapingo, Méx. :
_bUACH. Dirección de Centros Regionales,
_c1995.
300 _a23 p. :
_bilus.
590 _aBATCH-UPD
_b10
_c20130110
_lUCH01
_h0530
590 _aBATCH-UPD
_b10
_c20130110
_lUCH01
_h2224
590 _aBATCH-UPD
_b10
_c20130410
_lUCH01
_h0210
590 _aBATCH-UPD
_b10
_c20130914
_lUCH01
_h0813
590 _aCONVERSION
_b10
_c20130109
_lUCH01
_h1341
650 1 4 _aCafé orgánico.
_917217
700 0 _aGonzález Valencia, Jaime.
_949470
901 _aBK
905 _aGuadalupe Pinto C.
942 _cFOLL
949 _aFolleto 14534
_bBC
_cFOLL
_d857171
_eTS1
_i85717
_sb
949 _aFolleto 14534
_bBC
_cFOLL
_d857172
_eTS2
_fc.2
_i85717
_si
949 _aFolleto14534
_bBC
_cUACH
_d857173
_eUACH
_fc.3
_i85717
_sb
999 _c75168
_d75168